00896 2200325 4500001002100000005001500021035002000036007000300056040001700059100002900076245003500105250001200140300003800152504002400190020002200214041000800236082000800244084001400252090002100266264004000287336002100327337003000348338002300378500001900401650001400420700004700434700003800481850001000519008004100529INLIS00000000000755720260602103458 a0010-0922000046ta aSBPUPADbInd0 aWilla FollonaePengarang1 aAku dan Ibuku /cWilla Follona a.-Cet.1 a62 hlm. :billus, ;c10,5 x 14 cm aBibliografi hlm. 52 a978-602-8570-35-017aInd a611 a611 WIL a a611 WIL a L16-7 a.--Jakarta :bSalemba Medika,c2010 2rdacontentateks 2rdamediaatanpa perantara 2rdacarrieravolume aIndeks hlm. 53 4aKebidanan0 aPengarang ke-2, Eko A. MeinarnoePengarang0 aEditor, Sally CarolinaePengarang aPUPAD260602 0